• 首页
  • 本馆介绍
  • 公告通知
  • 最新文献
  • 馆藏检索
  • 电子资源
  • 读者导购
  • 参考咨询
  • 我的图书馆
  • 登录
  • 详细信息显示
  • 放入我的书架
  • 预约/预借图书
  • 作者相关作品
  • 分类相关作品
  • 丛书相关作品
  • 出版社相关作品

书目信息

  • 表格格式
  • 工作单格式
  • 卡片格式
题名:
模拟集成电路应用集锦
    
 
作者: 郝鸿安 主编
分册:  
出版信息: 上海   上海科学技术文献出版社  1984
页数: 197页
开本: 19cm
丛书名:
单 册:
中图分类: TN431.1
科图分类:
主题词: 模拟集成电路--应用
电子资源:
ISBN:
000 00669nam0 2200241 45
001 0184016364
005 20040519111055.4
010    @dCNY0.81
091    @a15192.312
100    @a19950606d1984 em y0chiy0121 ea
101 0  @achi
102    @aCN@b310000
105    @ay z 000yy
106    @ar
200 10 @a模拟集成电路应用集锦@Amo ni ji cheng dian lu ying yong ji jin@f郝鸿安主编
210    @a上海@c上海科学技术文献出版社@d1984
215    @a197页@d19cm
606    @a模拟集成电路@x应用
690    @aTN431.1@v3 
701  0 @a郝鸿安@Ahao hong an@4主编
801  0 @aCN@b上海图书馆@c20040519
801  2 @aCN@bNLC@c20040519
905    @f2@b118284-285@dTN431.1@e31
    
    模拟集成电路应用集锦/郝鸿安主编.-上海:上海科学技术文献出版社,1984
    197页;19cm
    
    
    ISBN :CNY0.81
    
●
相关链接 在E读中查询图书 在五车中查询图书 在当当中查询图书 在豆瓣中查询图书


正题名:模拟集成电路应用集锦     索取号:TN431.1/31         预约/预借

序号 登录号 条形码 馆藏地/架位号 状态 备注
1 0118284   001352654   第三借阅区/ [索取号:TN431.1/31] 在馆    
2 0118285   001352690   第三借阅区/ [索取号:TN431.1/31] 在馆    
3 0118286   202106265   第二样本阅览室/ [索取号:TN431.1/31] 在馆    
唐山师范学院图书馆 欢迎您!
大连网信软件有限公司© 版权所有